[Event "Rochefort op 13th"]
[Site "Rochefort"]
[Date "2014.02.22"]
[Round "2"]
[White "Antoli Royo, Joaquin Miguel"]
[Black "Berard, Serge"]
[Result "1-0"]
[WhiteElo "2413"]
[BlackElo "1985"]
[PlyCount "59"]
[EventDate "2014.02.22"]
[EventType "swiss"]
[EventRounds "9"]
[EventCountry "FRA"]
[SourceTitle "CBM 159 Extra"]
[Source "ChessBase"]
[SourceDate "2014.04.24"]
[SourceVersion "1"]
[SourceVersionDate "2014.04.24"]
[SourceQuality "1"]

1. e4 Nc6 2. Nf3 d5 3. exd5 Qxd5 4. Nc3 Qa5 5. h3 Nf6 6. d4 e6 7. Bd2 Bb4 8. Bd3 Nd5 9. a3 Bxc3 10. bxc3 Qa4 11. 0-0 Bd7 12. Qb1 Na5 13. Ne5 Nb6 14. Qb4 Qxb4 15. axb4 Nc6 16. Nxd7 Kxd7 17. b5 Ne7 18. c4 Rhc8 19. Ra5 c5 20. dxc5 Rxc5 21. Bb4 Nxc4 22. Ra4 Nb6 23. Rxa7 Rxa7 24. Bxc5 Nec8 25. Rd1 Kc7 26. Bxh7 Ra5 27. Bd3 Nd5 28. c4 Nf4 29. Bf1 b6 30. Bf8 1-0

[Event "Fouesnant op 14th"]
[Site "Fouesnant"]
[Date "2008.10.29"]
[Round "6"]
[White "Wirth, Thierry"]
[Black "Berard, Serge"]
[Result "1-0"]
[WhiteElo "1800"]
[BlackElo "2081"]
[PlyCount "109"]
[EventDate "2008.10.25"]
[EventType "swiss"]
[EventRounds "9"]
[EventCountry "FRA"]
[SourceTitle "EXT 2009"]
[Source "ChessBase"]
[SourceDate "2008.11.26"]
[SourceVersion "1"]
[SourceVersionDate "2008.11.26"]
[SourceQuality "1"]

1. e4 Nc6 2. d4 d5 3. e5 Bf5 4. c3 e6 5. Bd3 Bxd3 6. Qxd3 Qd7 7. b4 a6 8. a4 Na7 9. Ne2 c6 10. 0-0 h5 11. f4 g6 12. Nd2 Nh6 13. Nf3 Be7 14. Bd2 Nf5 15. Rfb1 0-0 16. h3 Ng7 17. g4 Rfb8 18. Rf1 Kf8 19. Ne1 Ke8 20. Ng2 Kd8 21. Ne3 Kc7 22. f5 gxf5 23. gxf5 exf5 24. Nxf5 Nxf5 25. Qxf5 Rg8+ 26. Kh2 Raf8 27. Bh6 Re8 28. Qxd7+ Kxd7 29. Rxf7 Rg6 30. Rh7 Rgg8 31. Rg1 h4 32. Rxg8 Rxg8 33. Bf8 Nc8 34. Bxe7 Nxe7 35. Rxh4 Rg7 36. Rf4 Rh7 37. Rf6 Ng8 38. Rd6+ Ke7 39. Nf4 Nh6 40. Nh5 Nf5 41. Rd7+ Kxd7 42. Nf6+ Ke6 43. Nxh7 a5 44. Ng5+ Ke7 45. bxa5 Ne3 46. Kg3 Nd1 47. Kf4 Nxc3 48. Kf5 Ne2 49. Nf3 Ng3+ 50. Kg6 Ne2 51. h4 Nf4+ 52. Kf5 Ne6 53. h5 c5 54. dxc5 Nxc5 55. Nd4 1-0